| 000 | 00854nam a2200253 a 4500 | ||
|---|---|---|---|
| 001 | 000034179 | ||
| 003 | DO-SdBNP | ||
| 005 | 20230711110238.0 | ||
| 008 | 110926s2004 dr r 000 0 spa d | ||
| 020 | _a9993479128 | ||
| 040 |
_aDO-SdBNP _bspa _cBPMSU |
||
| 082 |
_a796.7293 _bM878d 2004 _222 |
||
| 100 | 1 | _aMorrison, Heriberto | |
| 245 | 1 | 3 |
_aEl deporte en el Estado dominicano : _bevolución y proyección internacional / _cHeriberto Morrison. |
| 260 |
_aSanto Domingo : _bFundación Brugal, _c2004. |
||
| 300 |
_a282 p. ; _c23 cm. |
||
| 500 | _3Incluye datos biográficos del autor en la solapa de la cubierta | ||
| 590 | _aInventariado, 2023/VM | ||
| 650 | 4 |
_aDeportes _zRepública Dominicana |
|
| 650 | 4 |
_aDeportes _xCondiciones sociales |
|
| 650 | 4 | _aIndustria del deporte | |
| 910 | _aVMateo V. Control de calidad (BPMSU) | ||
| 942 |
_2ddc _cBK |
||
| 999 |
_c14413 _d14413 |
||